Cuando aún no existían los sueños /

Guardado en:
Autor Principal: Czernecki, Stefan
Otros Autores: Rhodes, Timothy, Olmos, Gabriela; trad.
Formato: Libro
Publicado: Buenos Aires : Lugar Editorial, 2014
Materias:
Etiquetas: Agregar Etiqueta
Sin Etiquetas, Sea el primero en etiquetar este registro!
LEADER 01681nam a22003615a 4500
001 CEM.cems015159
008 130507s2014##################000#0#####d
005 20250526151303.0
245 1 0 |a Cuando aún no existían los sueños /  |c Stefan Czernecki y Timothy Rhodes ; traducido Por Gabriela Olmos 
260 |a Buenos Aires :  |b Lugar Editorial,  |c 2014 
300 |a 48 p. 
020 |a 9789508924643 
100 1 |a Czernecki, Stefan 
700 1 |a Rhodes, Timothy 
700 1 |a Olmos, Gabriela; trad. 
082 0 4 |a 833.9 
653 |a Literatura 
653 |a Literatura alemana 
653 |a Literatura infantil 
653 |a Cuentos infantiles 
653 |a Colección ciencias de la educación 
859 |a CEMS  |b BIB. CEMS - Inicial y Primaria  |h 833.9  |i C997  |k IP  |p 3967  |t Ej.1 
859 |a CEMS  |b BIB. CEMS - Inicial y Primaria  |h 833.9  |i C997  |k IP  |p 5564  |t Ej.1 
859 |a CEMS  |b BIB. CEMS - Ccias. Educacion  |h 833.9  |i C997  |k CE  |p 28145.19  |t Ej.1 
859 |a CEMS  |b BIB. CEMS - Ccias. Educacion  |h 833.9  |i C997  |k CE  |p 28146.19  |t Ej.2 
859 |a CEMS  |b BIB. CEMS - Ccias. Educacion  |h 833.9  |i C997  |k CE  |p 28147.19  |t Ej.3 
859 |a CEMS  |b BIB. CEMS - Ccias. Educacion  |h 833.9  |i C997  |k CE  |p 28148.19  |t Ej.4 
859 |a CEMS  |b BIB. CEMS - Ccias. Educacion  |h 833.9  |i C997  |k CE  |p 28149.19  |t Ej.5 
859 |a CEMS  |b BIB. CEMS - Ccias. Educacion  |h 833.9  |i C997  |k CE  |p 28150.19  |t Ej.6 
859 |a CEMS  |b BIB. CEMS - Ccias. Educacion  |h 833.9  |i C997  |k CE  |p 28151.19  |t Ej.7 
859 |a CEMS  |b BIB. CEMS - Ccias. Educacion  |h 833.9  |i C997  |k CE  |p 28406.19  |t Ej.8 
859 |a CEMS  |b BIB. CEMS - Ccias. Educacion  |h 833.9  |i C997  |k CE  |p 28570.19  |t Ej.9 
859 |a CEMS  |b BIB. CEMS - Ccias. Educacion  |h 833.9  |i C997  |k CE  |p 28806.19  |t Ej.10